000 04022cam a2200481Mi 4500
001 on1235828207
003 TZ-ArACH
005 20230911133839.0
006 m d
007 cr |n|||||||||
008 190719s2020 pau ob 001 0 eng d
010 _a 2019024196
020 _a9781799811176
_q(softcover)
020 _a1799811174
020 _z9781799811183
_q(ebook)
035 _a(OCoLC)1235828207
040 _aVT2
_beng
_cTZ-ArACH
049 _aTZAA
050 _aZ678
_b.M27 2020
245 0 0 _aManaging and adapting library information services for future users
_h[electronic resource] /
_cNkem Ekene Osuigwe.
260 _aHershey, PA :
_bInformation Science Reference an imprint of IGI Global,
_c[2020]
300 _axxiii, 284 pages.
490 0 _aAdvances in Library and Information Science (ALIS) book series,
504 _aIncludes bibliographical references and index.
505 0 _aLibrary associations, leadership and programmes : IFLA, AfLIA and NLA / Adaora Udo-Anyanwu, Imo State University, Owerri, Nigeria ; Amaka Alor, Anambra State Polytechnic, Mgbakwu, Nigeria -- Building influence : strategising for library advocacy / Magnus Igbinovia, Ambrose Alli University, Ekpoma, Nigeria ; Esther Solanke, University of Medical Sciences, Ondo State, Nigeria ; Oluwatoyin Obinyan, Ambrose Alli University, Nigeria -- Managing future library services for the medical sciences : a pharmacy library experience / Adetoun Oyelude, University of Ibadan, Nigeria ; Sunday Oluwaniyi, University of Ibadan, Nigeria -- Innovative thinking skills for 21st century librarians / Afusat Ogunjimi, Oyo State Library Board, Ibadan, Nigeria -- Emerging Technologies, Information Provision and Libraries / Alexious Muunga, Copperbelt University, Zambia -- Leadership training for 21st century librarians using INELI-SSAf model as a case study / Rachel Ojo, African Library and Information Associations and Institutions (AFLIA), South Africa ; Helena Asamoah-Hassan, African Library and Information Associations and Institutions (AFLIA), Ghana -- Librarian's skills set in the 21st century : the changing role of librarians in the digital era / Josiline Chigwada, Bindura University of Science Education, Zimbabwe -- Financial Resources Development for 21st Century Libraries / Adaeze Nzewi, Nnamdi Azikiwe University, Awka Anambra State, Nigeria -- Artificial Intelligence in Libraries / Isaiah Omame, Federal University Lafia, Nasarawa State, Nigeria ; Juliet Alex-Nmecha, University of Port Harcourt, Rivers State, Nigeria -- Managing and adapting library information services for 21st century information users / Pearl Akanwa, Imo State University, Owerri, Nigeria ; Ogechi Okorie, Imo State University, Owerri, Nigeria -- Library as a source for good habit formation and rehabilitation / anjali Daisy, SASTRA Deemed University, India -- Libraries and innovative thinking in the digital age / Abiola Elaturoti, Lead City University, Oba Otudeko Avenue, Toll-Gate Area, Ibadan, Oyo State, Nigeria.
520 _a"This book examines managing and adapting library information services and the changing role of librarians in the digital era"--
650 0 _aLibrary administration.
650 0 _aPublic services (Libraries)
650 0 _aLibraries
_xInformation technology.
650 0 _aLibrarians
_xEffect of technological innovations on.
650 6 _aBibliothèques
_xAdministration.
650 6 _aBibliothèques
_xServices aux usagers.
650 6 _aBibliothèques
_xTechnologie de l'information.
650 6 _aBibliothècaires
_xEffets des innovations sur.
650 7 _aLibrarians
_xEffect of technological innovations on.
_2fast
650 7 _aLibraries
_xInformation technology.
_2fast
650 7 _aLibrary administration.
_2fast
650 7 _aPublic services (Libraries)
_2fast
700 1 _aOsuigwe, Nkem Ekene,
_d1965-
856 4 0 _uhttp://services.igi-global.com/resolvedoi/resolve.aspx?doi=10.4018/978-1-7998-1116-9
887 _aZ678.M2784 2020
942 _2lcc
_cBOOK
999 _c6929
_d6929